[Event "XIII OGOLNOPOLSKA OLIMPIADA MLODZIEZY -"]
[Site "Turawa"]
[Date "2007.04.28"]
[Round "2.6"]
[White "Leczycki, Pawel"]
[Black "Witek, Tomasz"]
[Result "0-1"]
[WhiteElo "1826"]
[BlackElo "2109"]
[PlyCount "120"]
[EventDate "2007.??.??"]

1. d4 Nf6 2. c4 g6 3. Nc3 Bg7 4. e4 d6 5. Nf3 Nbd7 6. Be2 O-O 7. O-O e5 8. Be3
c6 9. Qc2 Qe7 10. Rad1 a5 11. a3 h6 12. d5 c5 13. Ne1 Ne8 14. Nd3 Kh7 15. Rb1
f5 16. f3 Nb6 17. Nf2 f4 18. Bd2 a4 19. b4 axb3 20. Rxb3 Nd7 21. Nb5 Ndf6 22.
Ra1 g5 23. g4 h5 24. h3 Kg6 25. Kg2 Rh8 26. Rh1 hxg4 27. hxg4 Rxh1 28. Kxh1 Bf8
29. Kg2 Ng8 30. Qc1 Nef6 31. Rb1 Nh6 32. Qd1 Qd8 33. a4 Be7 34. Bc3 Ra6 35. Ra1
Bd7 36. Qb1 Qc8 37. Qd1 Nf7 38. Qh1 Bd8 39. Qe1 Qa8 40. a5 Ng8 41. Bd3 Kg7 42.
Be2 Ne7 43. Bd3 Ng6 44. Be2 Nh4+ 45. Kf1 Qc8 46. Qd1 Be7 47. Nd3 Bf6 48. Nb2
Ng6 49. Kg2 Bd8 50. Nd3 Qa8 51. Qe1 Qc8 52. Nc1 Nh4+ 53. Kf2 Nh6 54. Nxd6 Rxd6
55. Bxe5+ Bf6 56. Bxd6 Bd4+ 57. Kf1 Bxg4 58. fxg4 Nxg4 59. Bxf4 Nh2+ 60. Bxh2
Qh3# 0-1

[Event "XIII OGOLNOPOLSKA OLIMPIADA MLODZIEZY -"]
[Site "Turawa"]
[Date "2007.04.28"]
[Round "2.7"]
[White "Barski, Radoslaw"]
[Black "Wiewiora, Eneasz"]
[Result "1/2-1/2"]
[WhiteElo "1987"]
[BlackElo "1876"]
[PlyCount "76"]
[EventDate "2007.??.??"]

1. e4 e5 2. Nf3 Nc6 3. Bb5 f5 4. Nc3 fxe4 5. Nxe4 d5 6. Nc3 d4 7. Nxe5 Bd7 8.
Nxd7 Qxd7 9. Qe2+ Be7 10. Ne4 O-O-O 11. O-O Re8 12. Qc4 Nf6 13. Bxc6 bxc6 14.
Nc5 Bxc5 15. Qxc5 Kb8 16. d3 h5 17. c3 h4 18. Qxd4 Qf5 19. Qf4 Qh5 20. h3 Nd5
21. Qg5 Qf7 22. c4 Rh5 23. Qd2 Nf6 24. f4 Rf5 25. Re1 Rf8 26. Qb4+ Ka8 27. Be3
Nd7 28. Qa4 c5 29. b4 Rf6 30. bxc5 c6 31. Rab1 Nb8 32. d4 Rg6 33. Qb4 Rg3 34.
f5 g5 35. fxg6 Rxg2+ 36. Kxg2 Qf3+ 37. Kh2 Qg3+ 38. Kh1 Qxh3+ 1/2-1/2

[Event "XIII OGOLNOPOLSKA OLIMPIADA MLODZIEZY -"]
[Site "Turawa"]
[Date "2007.04.28"]
[Round "2.8"]
[White "Swiech, Przemyslaw"]
[Black "Lukasiewicz, Aleksander"]
[Result "1-0"]
[WhiteElo "1977"]
[BlackElo "1816"]
[PlyCount "63"]
[EventDate "2007.??.??"]

1. d4 d5 2. c4 e6 3. Nc3 Nf6 4. Nf3 Be7 5. Bf4 O-O 6. e3 Nbd7 7. Bd3 dxc4 8.
Bxc4 a6 9. O-O b5 10. Bd3 Bb7 11. Rc1 c5 12. Bb1 Rc8 13. Re1 b4 14. Ne2 Bxf3
15. gxf3 cxd4 16. Nxd4 e5 17. Rxc8 Qxc8 18. Nf5 Bc5 19. Bg5 Re8 20. Kh1 e4 21.
Rg1 g6 22. a3 Nh5 23. Bxe4 Kh8 24. axb4 Bf8 25. Qd4+ Ne5 26. Ng3 Nxg3+ 27. Rxg3
Bg7 28. Qc5 Nc4 29. Bc6 Nxb2 30. Bxe8 Qxe8 31. Qd6 Be5 32. Bf6+ 1-0

[Event "XIII OGOLNOPOLSKA OLIMPIADA MLODZIEZY -"]
[Site "Turawa"]
[Date "2007.04.28"]
[Round "2.10"]
[White "Raczynski, Milosz"]
[Black "Swiercz, Dariusz"]
[Result "0-1"]
[WhiteElo "1563"]
[BlackElo "2248"]
[PlyCount "64"]
[EventDate "2007.??.??"]

1. e4 c5 2. Nf3 e6 3. d4 cxd4 4. Nxd4 a6 5. Bd3 Nf6 6. c4 Qc7 7. Nc3 d6 8. Qe2
g6 9. O-O Bg7 10. Be3 O-O 11. Rac1 Nc6 12. Nf3 Ng4 13. Nd5 exd5 14. cxd5 Nxe3
15. fxe3 Qb6 16. dxc6 bxc6 17. Rc2 Bb7 18. Bc4 d5 19. exd5 cxd5 20. Bb3 Rae8
21. Rd1 Rxe3 22. Qf2 d4 23. Ng5 Bf6 24. Nf3 Rfe8 25. Rcd2 Bxf3 26. gxf3 Qb7 27.
Kg2 Qb5 28. Kg1 d3 29. Qf1 Re2 30. Rxd3 Qg5+ 31. Kh1 Qh4 32. Qg1 Re1 0-1

[Event "XIII OGOLNOPOLSKA OLIMPIADA MLODZIEZY -"]
[Site "Turawa"]
[Date "2007.04.28"]
[Round "2.11"]
[White "Matuszewski, Michal"]
[Black "Lorek, Milosz"]
[Result "1-0"]
[WhiteElo "2136"]
[BlackElo "1852"]
[PlyCount "83"]
[EventDate "2007.??.??"]

1. e4 e6 2. d4 d5 3. Nc3 Bb4 4. e5 Qd7 5. a3 Bxc3+ 6. bxc3 b6 7. Qg4 f5 8. Qg3
Qf7 9. h4 Ne7 10. Nh3 h6 11. a4 Ba6 12. Bxa6 Nxa6 13. Nf4 Rg8 14. a5 Kd7 15.
Qd3 Nb8 16. Qb5+ Nbc6 17. a6 Ng6 18. Nd3 Nge7 19. c4 dxc4 20. Qxc4 Nd5 21. Qb5
Qg6 22. g3 Qg4 23. Bb2 Nde7 24. c4 Kc8 25. Nf4 Qf3 26. O-O g5 27. Ng2 gxh4 28.
Nxh4 Qg4 29. Kh2 f4 30. Rg1 Nf5 31. Nxf5 exf5 32. Qxc6 f3 33. Qxa8+ Kd7 34.
Qd5+ Kc8 35. Qb7+ Kd7 36. e6+ Kxe6 37. Qd5+ Kf6 38. Qe5+ Kg6 39. Qf4 h5 40.
Rae1 Kf7 41. Qxc7+ Kg6 42. Re6+ 1-0

[Event "XIII OGOLNOPOLSKA OLIMPIADA MLODZIEZY -"]
[Site "Turawa"]
[Date "2007.04.28"]
[Round "2.12"]
[White "Bokiej, Przemyslaw"]
[Black "Weichhold, Pawel"]
[Result "1/2-1/2"]
[WhiteElo "2016"]
[BlackElo "1897"]
[PlyCount "72"]
[EventDate "2007.??.??"]

1. e4 c5 2. Nf3 e6 3. d3 Nc6 4. g3 g6 5. Bg2 Bg7 6. O-O Nge7 7. c3 O-O 8. d4
cxd4 9. cxd4 d6 10. Nc3 e5 11. dxe5 dxe5 12. Bg5 Be6 13. Nd5 f6 14. Nxe7+ Qxe7
15. Be3 Rfd8 16. Qa4 Qb4 17. Qxb4 Nxb4 18. Rfc1 Rd7 19. Bf1 Nd3 20. Rd1 Rad8
21. Rd2 Bg4 22. Rxd3 Bxf3 23. Rxd7 Rxd7 24. Bg2 Bxg2 25. Kxg2 b6 26. a4 g5 27.
g4 Rb7 28. b4 Bf8 29. b5 Rc7 30. Rc1 Rxc1 31. Bxc1 Bb4 32. Kf3 Kf7 33. Ke2 Ke6
34. Kd3 Kd7 35. Kc4 Bc5 36. f3 Ke6 1/2-1/2

[Event "XIII OGOLNOPOLSKA OLIMPIADA MLODZIEZY -"]
[Site "Turawa"]
[Date "2007.04.28"]
[Round "2.13"]
[White "Borowicz, Przemyslaw"]
[Black "Koziej, Maciej"]
[Result "1-0"]
[WhiteElo "1926"]
[BlackElo "1990"]
[PlyCount "101"]
[EventDate "2007.??.??"]

1. d4 f5 2. Nf3 e6 3. g3 Nf6 4. Bg2 d5 5. O-O Bd6 6. b3 O-O 7. c4 a5 8. Nc3 c6
9. e3 Ne4 10. Bb2 Nd7 11. Nd2 b6 12. f3 Nxd2 13. Qxd2 Ba6 14. Qe2 Qb8 15. Rfc1
b5 16. cxb5 cxb5 17. Qd2 a4 18. bxa4 b4 19. Nb5 Bxb5 20. axb5 Qxb5 21. e4 Nb6
22. e5 Nc4 23. Bf1 Be7 24. Qc2 Rfc8 25. Qb3 Kf7 26. Rc2 Qb7 27. Bxc4 dxc4 28.
Rxc4 Rxc4 29. Qxc4 Qxf3 30. Rf1 Qe3+ 31. Rf2 Rd8 32. Kf1 Qe4 33. Qc2 Qxc2 34.
Rxc2 Ra8 35. Bc1 Ke8 36. Ke2 Rb8 37. Rb2 Kd7 38. Kd3 Kc6 39. Kc4 Rh8 40. Bd2
Rc8 41. Kd3 Kb5 42. a3 Ka4 43. Bxb4 Bxb4 44. axb4 Ka3 45. Rc2 Rb8 46. Rc6 Kxb4
47. Rxe6 Rb7 48. Rc6 Kb5 49. d5 Ra7 50. e6 Re7 51. Kd4 1-0

[Event "XIII OGOLNOPOLSKA OLIMPIADA MLODZIEZY -"]
[Site "Turawa"]
[Date "2007.04.28"]
[Round "2.14"]
[White "Kadziela, Konrad"]
[Black "Siwiec, Arkadiusz"]
[Result "0-1"]
[WhiteElo "1831"]
[BlackElo "2025"]
[PlyCount "104"]
[EventDate "2007.??.??"]

1. d4 Nf6 2. c4 c5 3. d5 b5 4. b3 d6 5. cxb5 g6 6. Bb2 Bg7 7. f3 Qa5+ 8. Qd2
Qxb5 9. e4 Qb7 10. Bc4 Nbd7 11. Ne2 O-O 12. O-O Nb6 13. Na3 a5 14. Rab1 Bd7 15.
Bc3 Rfb8 16. Bd3 Ne8 17. Nc4 Qa7 18. Kh1 Nc7 19. a4 Nxc4 20. Bxc4 Bxc3 21. Nxc3
Bc8 22. f4 Ba6 23. f5 Kg7 24. Qf4 f6 25. g4 g5 26. Qe3 Bxc4 27. bxc4 Rb4 28.
Qe2 Rc8 29. Qa2 Qa6 30. Nb5 Na8 31. Rfc1 Nb6 32. Rxb4 cxb4 33. Qb3 Nd7 34. Nd4
Nc5 35. Ne6+ Nxe6 36. fxe6 Qb6 37. Qd3 Qf2 38. Ra1 Qb2 39. Rf1 Qc3 40. Qxc3
bxc3 41. Rc1 Rxc4 42. Kg2 Rxe4 43. Rxc3 Rxg4+ 44. Kf3 Rf4+ 45. Ke3 f5 46. Rc8
Rxa4 47. Re8 Kf6 48. Rf8+ Ke5 49. Rf7 Kxd5 50. Rxe7 h6 51. Rh7 Re4+ 52. Kf3
Rxe6 0-1

[Event "XIII OGOLNOPOLSKA OLIMPIADA MLODZIEZY -"]
[Site "Turawa"]
[Date "2007.04.28"]
[Round "2.15"]
[White "Janczarski, Michal"]
[Black "Zielinski, Wojciech"]
[Result "1/2-1/2"]
[WhiteElo "2081"]
[BlackElo "1886"]
[PlyCount "136"]
[EventDate "2007.??.??"]

1. e4 e6 2. d4 d5 3. Nd2 Nf6 4. e5 Nfd7 5. Bd3 c5 6. c3 Nc6 7. Ne2 Be7 8. O-O
O-O 9. Nf3 f6 10. exf6 Nxf6 11. Re1 Bd6 12. Bg5 Qb6 13. Qb1 h6 14. Bxf6 Rxf6
15. a3 Bd7 16. b4 cxd4 17. cxd4 e5 18. b5 Nxd4 19. Nexd4 exd4 20. Qb3 Raf8 21.
Qxd5+ Kh8 22. Nh4 Qc5 23. Qxc5 Bxc5 24. Ng6+ Rxg6 25. Bxg6 d3 26. Ra2 Bxb5 27.
Rd1 Bc4 28. Rad2 Bxa3 29. Bxd3 Bxd3 30. Rxd3 Bc5 31. Rd8 Bxf2+ 32. Kf1 Bc5+ 33.
Rxf8+ Bxf8 34. Rd7 a5 35. Rxb7 Bb4 36. g4 Kh7 37. h4 Bc3 38. h5 Bd2 39. Ke2 Bb4
40. Kd3 Be1 41. Ra7 Bb4 42. Ke4 Be1 43. Kf5 Bd2 44. Ke6 Bb4 45. Kf7 Bd2 46. Rc7
Bb4 47. Rc6 Bd2 48. Rg6 Bc3 49. Ra6 Bd2 50. Ke6 Bb4 51. Kf5 Bd2 52. Ra8 Bb4 53.
g5 hxg5 54. Kxg5 Bd2+ 55. Kf5 Bc3 56. Ra6 Bd2 57. Kg4 Bb4 58. Kg5 Bc3 59. h6
Bd2+ 60. Kh5 Bxh6 61. Rxa5 g6+ 62. Kg4 Bd2 63. Ra7+ Kh6 64. Kf3 Bc1 65. Ke4 Bb2
66. Ra6 Bc1 67. Ke5 Kg5 68. Ke6 Kg4 1/2-1/2

[Event "XIII OGOLNOPOLSKA OLIMPIADA MLODZIEZY -"]
[Site "Turawa"]
[Date "2007.04.28"]
[Round "2.16"]
[White "Polok, Kacper"]
[Black "Witek, Pawel"]
[Result "0-1"]
[WhiteElo "1878"]
[BlackElo "1985"]
[PlyCount "130"]
[EventDate "2007.??.??"]

1. e4 c6 2. d4 d5 3. e5 Bf5 4. h4 h5 5. c4 e6 6. Nf3 Nd7 7. Nc3 Bb4 8. Bd2 Ne7
9. a3 Bxc3 10. Bxc3 dxc4 11. Bxc4 Nb6 12. Bd3 Nbd5 13. O-O Bxd3 14. Qxd3 Nf5
15. g3 Qb6 16. Ng5 Rd8 17. Rad1 O-O 18. Qe2 g6 19. g4 Nf4 20. Qe4 Nxd4 21. Bxd4
Rxd4 22. Rxd4 Qxd4 23. Qxd4 Ne2+ 24. Kg2 Nxd4 25. Rd1 c5 26. gxh5 gxh5 27. Ne4
b6 28. Nf6+ Kg7 29. Nxh5+ Kh6 30. Nf6 Kg6 31. Rd3 Rh8 32. Rg3+ Kf5 33. Rg5+ Kf4
34. Nh5+ Ke4 35. Nf6+ Kd3 36. h5 Nf5 37. Rg4 Kc2 38. b4 Kb3 39. bxc5 bxc5 40.
Ne4 Rc8 41. Nd6 Rh8 42. Ne4 Rc8 43. Nd6 Rd8 44. h6 Nxh6 45. Rc4 Rc8 46. Rh4
Rg8+ 47. Kf3 Nf5 48. Nxf5 exf5 49. Rh7 Rf8 50. Kf4 c4 51. Kxf5 c3 52. Kf6 c2
53. Rh1 Rd8 54. Rc1 Kb2 55. Rxc2+ Kxc2 56. Kxf7 Rd4 57. e6 Rf4+ 58. Kg7 Rxf2
59. e7 Re2 60. Kf7 Kb3 61. e8=Q Rxe8 62. Kxe8 Kxa3 63. Kd7 Kb3 64. Kc6 a5 65.
Kb5 a4 0-1

[Event "XIII OGOLNOPOLSKA OLIMPIADA MLODZIEZY -"]
[Site "Turawa"]
[Date "2007.04.28"]
[Round "2.17"]
[White "Golinski, Damian"]
[Black "Obrusnik, Michal"]
[Result "0-1"]
[WhiteElo "1828"]
[BlackElo "1977"]
[PlyCount "78"]
[EventDate "2007.??.??"]

1. e4 e6 2. d4 d5 3. Nd2 Nc6 4. c3 e5 5. Bb5 exd4 6. cxd4 dxe4 7. Bxc6+ bxc6 8.
Nxe4 Qd5 9. Qe2 Bb4+ 10. Nc3+ Ne7 11. Nf3 Qa5 12. Bd2 O-O 13. Ne4 Nd5 14. Ne5
Ba6 15. Qf3 Bxd2+ 16. Nxd2 Nb4 17. Qc3 Qb5 18. Nec4 Rfe8+ 19. Kd1 c5 20. a4 Qc6
21. Ne3 cxd4 22. Qxc6 Nxc6 23. Nd5 Rac8 24. Rc1 Be2+ 25. Kc2 Ne5 26. Nf4 Ba6
27. Kb1 Nd3 28. Nxd3 Bxd3+ 29. Ka2 Re2 30. Nf3 Rb8 31. Rxc7 Rexb2+ 32. Ka1 R2b3
33. Ka2 Bb1+ 34. Rxb1 Rxb1 35. Nxd4 R1b4 36. Nc2 Rxa4+ 37. Na3 g6 38. Rc3 Kg7
39. Rb3 Rxb3 0-1

[Event "XIII OGOLNOPOLSKA OLIMPIADA MLODZIEZY -"]
[Site "Turawa"]
[Date "2007.04.28"]
[Round "2.18"]
[White "Ancuta, Adam"]
[Black "Klepaczka, Tomasz"]
[Result "0-1"]
[WhiteElo "1817"]
[BlackElo "1953"]
[PlyCount "98"]
[EventDate "2007.??.??"]

1. e4 c5 2. Nf3 e6 3. d4 cxd4 4. Nxd4 a6 5. Bd3 Nc6 6. Be3 Nf6 7. O-O Qc7 8. f4
Qb6 9. c3 Bc5 10. Qb3 Ng4 11. Bf2 Nxf2 12. Kxf2 Qxb3 13. axb3 Nxd4 14. cxd4
Bxd4+ 15. Kf3 Bxb2 16. Ra2 Bd4 17. Nd2 d6 18. Nc4 Ke7 19. Rc1 Bd7 20. Na5 Bb6
21. Nc4 Bc5 22. b4 Bxb4 23. Nb6 Rab8 24. Rc7 Rhd8 25. Rb2 Bc5 26. Nxd7 Rxd7 27.
Rxd7+ Kxd7 28. Bxa6 Kc7 29. Bc4 Ra8 30. f5 exf5 31. exf5 f6 32. Bd5 Ra3+ 33.
Rb3 b5 34. Rxa3 Bxa3 35. Ke3 Kb6 36. Kd4 Bb2+ 37. Kd3 Kc5 38. Bg8 h6 39. Ke4
Be5 40. Ba2 Bxh2 41. Bf7 Be5 42. Ba2 Kb4 43. Kd3 Ka3 44. Bf7 Kb2 45. Be8 b4 46.
Kc4 b3 47. Ba4 Ka3 48. Bxb3 d5+ 49. Kxd5 Kxb3 0-1

[Event "XIII OGOLNOPOLSKA OLIMPIADA MLODZIEZY -"]
[Site "Turawa"]
[Date "2007.04.28"]
[Round "2.19"]
[White "Solnicki, Michal"]
[Black "Grabowski, Adam"]
[Result "1-0"]
[WhiteElo "1951"]
[BlackElo "1793"]
[PlyCount "141"]
[EventDate "2007.??.??"]

1. d4 d5 2. c4 e6 3. Nc3 Nf6 4. cxd5 exd5 5. Bg5 Be7 6. e3 c6 7. Bd3 Nbd7 8.
Nf3 O-O 9. O-O Re8 10. Qc2 Nf8 11. h3 Ne4 12. Bf4 Ng5 13. Bxg5 Bxg5 14. b4 a6
15. Na4 Be7 16. Rab1 Bd6 17. Rfc1 Bc7 18. Nc5 Qf6 19. Qd1 Ng6 20. a4 Nh4 21.
Nxh4 Qxh4 22. Qf3 b6 23. Nb3 Re6 24. Bf5 Rh6 25. Bxc8 Rxc8 26. Qg4 Qd8 27. Qe2
b5 28. axb5 axb5 29. Na5 Bxa5 30. bxa5 Ra8 31. Rc5 Qxa5 32. Qc2 Qb6 33. Rbxb5
cxb5 34. Rc8+ Qd8 35. Rxd8+ Rxd8 36. Qc7 Rhd6 37. Qb7 g6 38. Qxb5 Rc8 39. Kh2
Kg7 40. g4 Rc2 41. Kg3 Rcc6 42. g5 h6 43. h4 hxg5 44. hxg5 Rc1 45. e4 Rg1+ 46.
Kf4 Rg2 47. f3 Rg1 48. e5 Rd8 49. Qb6 Re8 50. Qc6 Re6 51. Qxd5 Rh1 52. Qa5 Rh4+
53. Ke3 Rh5 54. f4 Rh8 55. Ke4 Rhe8 56. Qc3 Kg8 57. d5 R6e7 58. Qc6 Rd8 59. d6
Red7 60. f5 gxf5+ 61. Kxf5 Kg7 62. Qc3 Kg8 63. Qh3 Kg7 64. Qh6+ Kg8 65. Qf6 Kh7
66. g6+ fxg6+ 67. Qxg6+ Kh8 68. Qh5+ Kg7 69. Ke6 Kg8 70. Qg5+ Kf8 71. Qe7+ 1-0

[Event "XIII OGOLNOPOLSKA OLIMPIADA MLODZIEZY -"]
[Site "Turawa"]
[Date "2007.04.28"]
[Round "2.20"]
[White "Kropidlowski, Maciej"]
[Black "Wandzik, Wojciech"]
[Result "0-1"]
[WhiteElo "1750"]
[BlackElo "1945"]
[PlyCount "86"]
[EventDate "2007.??.??"]

1. e4 c5 2. Nf3 Nc6 3. d4 cxd4 4. Nxd4 Nf6 5. Nc3 e5 6. Ndb5 d6 7. Bg5 a6 8.
Na3 b5 9. Nd5 Be7 10. Bxf6 Bxf6 11. c3 O-O 12. Nc2 Bg5 13. a4 bxa4 14. Rxa4 a5
15. Bc4 Rb8 16. b3 Kh8 17. O-O f5 18. exf5 Bxf5 19. Nce3 Bg6 20. Ra3 e4 21. Qe2
Qc8 22. Rd1 Bd8 23. Qd2 Ne5 24. Qd4 Qb7 25. h3 Qf7 26. Ra2 Bh5 27. Rf1 Qg6 28.
Kh1 Bh4 29. Nd1 Nf3 30. Qe3 Bg5 31. Qa7 Bh6 32. N5e3 Rbe8 33. Be2 Nh4 34. Bxh5
Qxh5 35. Qxa5 Re5 36. Qa7 Nf3 37. Ng4 Rg5 38. Nxh6 Qxh6 39. Qa8 Rgf5 40. Qc6
Rh5 41. Qd7 Ne5 42. Qe7 Rxh3+ 43. Kg1 Rh1# 0-1

[Event "XIII OGOLNOPOLSKA OLIMPIADA MLODZIEZY -"]
[Site "Turawa"]
[Date "2007.04.28"]
[Round "2.22"]
[White "Kaleta, Blazej"]
[Black "Brzezinski, Mateusz"]
[Result "1-0"]
[WhiteElo "1899"]
[BlackElo "1643"]
[PlyCount "99"]
[EventDate "2007.??.??"]

1. d4 d5 2. c4 c6 3. Nc3 Nf6 4. e3 e6 5. Nf3 Nbd7 6. Be2 Bd6 7. O-O O-O 8. b3
Qe7 9. Bb2 dxc4 10. Bxc4 e5 11. dxe5 Nxe5 12. Be2 Rd8 13. Qc2 Nfg4 14. g3 Nf6
15. Nxe5 Bxe5 16. Bf3 Bh3 17. Rfd1 Rxd1+ 18. Rxd1 Rd8 19. Bg2 Bxg2 20. Kxg2 Rd7
21. Kf1 Kf8 22. Ke2 Rxd1 23. Qxd1 Ke8 24. f3 Qd7 25. Qxd7+ Kxd7 26. f4 Bc7 27.
Kf3 b5 28. e4 Ke6 29. Ne2 c5 30. g4 a5 31. g5 Ne8 32. f5+ Ke7 33. h4 f6 34. Nc3
Be5 35. Nd5+ Kd6 36. Bc1 Nc7 37. Nxc7 Kxc7 38. g6 hxg6 39. fxg6 Kd7 40. Kg4 Ke6
41. h5 Bd6 42. Bb2 Be7 43. Bc1 c4 44. bxc4 bxc4 45. h6 gxh6 46. Kh5 Bf8 47.
Bxh6 Bd6 48. Bd2 f5 49. exf5+ Kxf5 50. g7 1-0

[Event "XIII OGOLNOPOLSKA OLIMPIADA MLODZIEZY -"]
[Site "Turawa"]
[Date "2007.04.28"]
[Round "3.1"]
[White "Swiech, Przemyslaw"]
[Black "Krzyzanowski, Marcin"]
[Result "1/2-1/2"]
[WhiteElo "1977"]
[BlackElo "2229"]
[PlyCount "36"]
[EventDate "2007.??.??"]

1. d4 Nf6 2. c4 d6 3. Nc3 Nbd7 4. Nf3 e5 5. Bg5 Be7 6. e3 O-O 7. Bd3 Re8 8. O-O
h6 9. Bxf6 Bxf6 10. Qc2 g6 11. Rad1 Bg7 12. c5 exd4 13. exd4 Nf6 14. cxd6 cxd6
15. Qb3 d5 16. Ne5 Re7 17. f4 Qd6 18. Rc1 Qb6 1/2-1/2

[Event "XIII OGOLNOPOLSKA OLIMPIADA MLODZIEZY -"]
[Site "Turawa"]
[Date "2007.04.28"]
[Round "3.2"]
[White "Lis, Marek"]
[Black "Sadzikowski, Daniel"]
[Result "1/2-1/2"]
[WhiteElo "1968"]
[BlackElo "2118"]
[PlyCount "83"]
[EventDate "2007.??.??"]

1. e4 c5 2. Nf3 e6 3. d4 cxd4 4. Nxd4 Nf6 5. Nc3 Nc6 6. Nb3 Bb4 7. Bd3 d5 8.
exd5 Nxd5 9. Bd2 Nxc3 10. bxc3 Be7 11. O-O O-O 12. Rb1 e5 13. f4 f5 14. fxe5
Nxe5 15. Qe2 Bd6 16. Nd4 Nxd3 17. cxd3 Bc5 18. Be3 Qd5 19. Nb3 Bd6 20. Bf4 Bxf4
21. Rxf4 b5 22. Nd4 Bd7 23. Rb2 Rac8 24. Qc2 Qc5 25. Qb3+ Kh8 26. Rc2 Qe5 27.
Rf1 Qe3+ 28. Rcf2 Qxd3 29. Rf3 Qe4 30. Nxb5 Bxb5 31. Qxb5 f4 32. Qb4 Qxb4 33.
cxb4 Rc4 34. a3 g5 35. g3 Kg7 36. gxf4 gxf4 37. Rd3 Rf7 38. Rd6 Rc3 39. Ra6 Rb3
40. Kg2 h5 41. Rf3 Rb2+ 42. Kh3 1/2-1/2

[Event "XIII OGOLNOPOLSKA OLIMPIADA MLODZIEZY -"]
[Site "Turawa"]
[Date "2007.04.28"]
[Round "3.3"]
[White "Witek, Tomasz"]
[Black "Kowalczyk, Rafal"]
[Result "1/2-1/2"]
[WhiteElo "2109"]
[BlackElo "1948"]
[PlyCount "168"]
[EventDate "2007.??.??"]

1. d4 d5 2. c4 Nc6 3. Nf3 Bg4 4. e3 e5 5. Qb3 Bxf3 6. gxf3 Nge7 7. Nc3 exd4 8.
cxd5 Ne5 9. Nb5 a6 10. exd4 axb5 11. dxe5 Nxd5 12. Bxb5+ c6 13. O-O Bc5 14. Bc4
O-O 15. Qxb7 Nb4 16. e6 Ra7 17. e7 Rxb7 18. exd8=Q Rxd8 19. Bg5 Rd6 20. Be3
Rg6+ 21. Kh1 Be7 22. Bb3 Nd5 23. Bd4 Bf6 24. Rfd1 Bxd4 25. Rxd4 Kf8 26. Re1 Rd6
27. Re2 g6 28. Kg2 Kg7 29. Kf1 Kf6 30. Ke1 Re6 31. Ree4 Ke7 32. Kd2 f5 33.
Rxe6+ Kxe6 34. f4 Kd6 35. Ke2 Re7+ 36. Kf3 Kc5 37. Rc4+ Kb6 38. Ba4 Re6 39. a3
Nf6 40. b4 Ne4 41. Rd4 h6 42. Bb3 Rf6 43. h4 c5 44. bxc5+ Kxc5 45. Rd5+ Kb6 46.
Bc2 Nd6 47. Bd3 Kc6 48. Re5 Nf7 49. Ra5 Nd6 50. a4 Rf8 51. Re5 Rf6 52. Kg3 Nf7
53. Re7 Kb6 54. h5 g5 55. fxg5 hxg5 56. f4 Rh6 57. Rxf7 Rxh5 58. Rxf5 gxf4+ 59.
Kxf4 Rh4+ 60. Kg5 Rxa4 61. Kf6 Rd4 62. Be2 Rd2 63. Bf3 Rd8 64. Ke7 Rd2 65. Re5
Rd4 66. Bg2 Rd2 67. Bh3 Rd3 68. Bd7 Rc3 69. Rd5 Rc5 70. Rd1 Kc7 71. Be6 Rc3 72.
Rd8 Rc5 73. Re8 Rc6 74. Bd7 Rc5 75. Rc8+ Kb6 76. Rb8+ Kc7 77. Rf8 Re5+ 78. Be6
Rc5 79. Rd8 Rc6 80. Bd5 Rc5 81. Rd7+ Kc8 82. Be6 Kb8 83. Kd6 Rc3 84. Bd5 Rc7
1/2-1/2

[Event "XIII OGOLNOPOLSKA OLIMPIADA MLODZIEZY -"]
[Site "Turawa"]
[Date "2007.04.28"]
[Round "3.4"]
[White "Wiewiora, Eneasz"]
[Black "Strzemiecki, Zbigniew"]
[Result "0-1"]
[WhiteElo "1876"]
[BlackElo "2285"]
[PlyCount "68"]
[EventDate "2007.??.??"]

1. b3 c5 2. c4 Nc6 3. Bb2 e5 4. e3 g6 5. Nc3 Bg7 6. d3 Nge7 7. Be2 O-O 8. a3 d5
9. cxd5 Nxd5 10. Qc2 Be6 11. Nf3 Rc8 12. O-O Nd4 13. Qd1 Nxc3 14. Bxc3 Bxb3 15.
Qd2 Nxf3+ 16. Bxf3 Bd5 17. e4 Be6 18. Rfd1 Qc7 19. Rac1 Rfd8 20. Qe3 Rd6 21. h4
b6 22. h5 f6 23. hxg6 hxg6 24. g3 Kf7 25. Bg2 Qd8 26. f4 Kg8 27. Bf1 Rc7 28.
Be2 Rcd7 29. Rf1 Bh3 30. Rf2 Rxd3 31. Bxd3 Rxd3 32. Rd2 Rxe3 33. Rxd8+ Kf7 34.
Rd7+ Bxd7 0-1

[Event "XIII OGOLNOPOLSKA OLIMPIADA MLODZIEZY -"]
[Site "Turawa"]
[Date "2007.04.28"]
[Round "3.5"]
[White "Swiercz, Dariusz"]
[Black "Barski, Radoslaw"]
[Result "1-0"]
[WhiteElo "2248"]
[BlackElo "1987"]
[PlyCount "89"]
[EventDate "2007.??.??"]

1. d4 Nf6 2. Nf3 c5 3. d5 g6 4. Nc3 d6 5. e4 Bg7 6. Bb5+ Nbd7 7. a4 O-O 8. O-O
a6 9. Be2 b6 10. Nd2 Rb8 11. Nc4 Ne8 12. Bg5 Ne5 13. Ne3 h6 14. Bh4 g5 15. Bg3
e6 16. dxe6 fxe6 17. Nc4 Nxc4 18. Bxc4 Qe7 19. Qe2 Nc7 20. Rad1 Rd8 21. Qd3 b5
22. axb5 axb5 23. Nxb5 Nxb5 24. Bxb5 e5 25. Bc4+ Be6 26. b3 Rb4 27. Bxe6+ Qxe6
28. f3 Kf7 29. Qa6 Bf8 30. Rd5 Qc8 31. Qe2 Be7 32. Ra1 Qb7 33. Be1 Rb6 34. Qc4
Kf6 35. Qa4 Rc8 36. Bc3 Rcc6 37. Qc4 Ra6 38. Rf1 Kg6 39. g3 Ra8 40. Rd2 Bf6 41.
f4 Qa6 42. fxg5 hxg5 43. Qe6 Rf8 44. Rdf2 d5 45. Rxf6+ 1-0

[Event "XIII OGOLNOPOLSKA OLIMPIADA MLODZIEZY -"]
[Site "Turawa"]
[Date "2007.04.28"]
[Round "3.6"]
[White "Sowul, Bartosz"]
[Black "Matuszewski, Michal"]
[Result "0-1"]
[WhiteElo "1966"]
[BlackElo "2136"]
[PlyCount "92"]
[EventDate "2007.??.??"]

1. e4 Nf6 2. Nc3 d5 3. e5 Nfd7 4. d4 c5 5. f4 cxd4 6. Qxd4 e6 7. Nf3 Nc6 8. Qd2
Be7 9. a3 O-O 10. Bd3 Nc5 11. b4 Nxd3+ 12. Qxd3 f6 13. Bb2 fxe5 14. fxe5 Bd7
15. O-O Be8 16. Ne2 Bg6 17. Qd2 Rc8 18. Ned4 Qb6 19. Kh1 Nxd4 20. Bxd4 Qb5 21.
c3 h6 22. h3 Rf7 23. Kg1 Rcf8 24. Nh2 Qa6 25. a4 Rxf1+ 26. Nxf1 b6 27. Ne3 Bg5
28. Qe1 Qd3 29. a5 Bd8 30. Rd1 Qe4 31. axb6 Bxb6 32. Qg3 Bh5 33. Rd2 Rc8 34.
Nc2 Bd8 35. Bxa7 Bg5 36. Rf2 Bh4 37. Qe3 Bxf2+ 38. Qxf2 Rxc3 39. Nd4 Rc1+ 40.
Kh2 Qxe5+ 41. g3 Qe4 42. Qg2 Qxg2+ 43. Kxg2 e5 44. Nf5 Rc2+ 45. Kf1 d4 46. b5
Be2+ 0-1

[Event "XIII OGOLNOPOLSKA OLIMPIADA MLODZIEZY -"]
[Site "Turawa"]
[Date "2007.04.28"]
[Round "3.7"]
[White "Wieczorek, Oskar"]
[Black "Borowicz, Przemyslaw"]
[Result "1-0"]
[WhiteElo "2125"]
[BlackElo "1926"]
[PlyCount "95"]
[EventDate "2007.??.??"]

1. e4 e6 2. d4 d5 3. Nc3 Bb4 4. e5 c5 5. a3 Bxc3+ 6. bxc3 Ne7 7. Qg4 O-O 8. Bd3
Nbc6 9. Nf3 Ng6 10. h4 cxd4 11. cxd4 Qa5+ 12. Bd2 Qa4 13. Bxg6 fxg6 14. Rc1 Rf5
15. O-O Nxe5 16. Nxe5 Rxe5 17. c4 Rf5 18. cxd5 exd5 19. Rc7 Rf8 20. Qg5 Be6 21.
Qe5 Bf7 22. Bb4 Rfe8 23. Qf4 Be6 24. Rxb7 Rac8 25. Re1 Qa6 26. Rc7 Rxc7 27.
Qxc7 Qb6 28. Qf4 a6 29. Bc5 Qc6 30. Rb1 Bf7 31. Rb6 Qc8 32. a4 h6 33. a5 Re4
34. Rb8 Rxf4 35. Rxc8+ Kh7 36. Ra8 Rxh4 37. Rxa6 Re4 38. Ra8 Be8 39. a6 Re1+
40. Kh2 Ra1 41. Rxe8 Rxa6 42. Rd8 Rf6 43. Rxd5 Rxf2 44. Kg3 Rf7 45. Re5 g5 46.
d5 Kg6 47. d6 Rf1 48. Rd5 1-0

[Event "XIII OGOLNOPOLSKA OLIMPIADA MLODZIEZY -"]
[Site "Turawa"]
[Date "2007.04.28"]
[Round "3.8"]
[White "Kanarek, Marcel"]
[Black "Jacek, Krystian"]
[Result "1-0"]
[WhiteElo "2225"]
[BlackElo "1858"]
[PlyCount "99"]
[EventDate "2007.??.??"]

1. e4 c5 2. Nf3 d6 3. d4 cxd4 4. Nxd4 Nf6 5. Nc3 e6 6. Be2 a6 7. O-O Be7 8. a4
b6 9. f4 Bb7 10. Bf3 Nc6 11. e5 Nd5 12. Nxc6 Bxc6 13. Nxd5 Bxd5 14. Bxd5 exd5
15. Qxd5 Rc8 16. e6 fxe6 17. Qxe6 Rxc2 18. Re1 Rf8 19. Qe4 Qc7 20. Qxh7 d5 21.
Be3 Kf7 22. Qf5+ Kg8 23. Qxd5+ Kh8 24. Rac1 Bf6 25. Qb3 Rc8 26. Rxc2 Qxc2 27.
Qxc2 Rxc2 28. Bxb6 Rxb2 29. a5 Kh7 30. Kf1 Bc3 31. Re3 Bd2 32. Rh3+ Kg6 33.
Rg3+ Kh7 34. Bc7 Ra2 35. Rg5 Be3 36. Ke1 Ra4 37. g3 Ra2 38. Re5 Bd4 39. Re2
Bc3+ 40. Kf2 Ra4 41. Re7 Bxa5 42. Be5 Ra2+ 43. Kf3 Rxh2 44. Rxg7+ Kh6 45. Ra7
Ra2 46. Rxa6+ Kh7 47. Kg4 Ra3 48. Ra7+ Kg8 49. Bd6 Ra1 50. Bb4 1-0